000 00817nam a2200241Ia 4500
001 dia_4145
003 CHAP
005 20251015153027.0
008 220117s1992 xx 000 0 und d
010 _a174775
040 _cCHAP
_amxchpua
_erda
090 _aFOLLETO 2487
100 _aRamírez Sepulveda, Marco Favio
_994272
245 _aManual de prácticas de tecnología de la carne; curso de tecnología de productos de origen animal /
_c Favio Ramirez Sepulveda y Rocio de la Rosa Rosales
260 _aChapingo, México :
_b El autor, UACh. Departamento de Ingeniería Agroindustrial,
_c1992
300 _a60 h.
500 _aS/c
650 _aCarne
_919053
901 _aFOLLETO 2487
902 _aM
905 _a0000001992 mx 0000000000spa00
942 _cFOLL
_2local
999 _c174775
_d174775